Illustrated techniques in microneurosurgery
Enregistré dans:
| Auteur principal: | |
|---|---|
| Format: | Livre |
| Langue: | Undetermined |
| Publié: |
Tokyo
Igaku Shoin
1991
|
| Sujets: | |
| Tags: |
Ajouter un tag
Pas de tags, Soyez le premier à ajouter un tag!
|
| Thư viện lưu trữ: | Trung tâm Học liệu Trường Đại học Cần Thơ |
|---|
| LEADER | 00546nam a2200193Ia 4500 | ||
|---|---|---|---|
| 001 | CTU_127344 | ||
| 008 | 210402s9999 xx 000 0 und d | ||
| 082 | |a 617.48 | ||
| 082 | |b K48 | ||
| 100 | |a Kikuchi, Haruhiko | ||
| 245 | 0 | |a Illustrated techniques in microneurosurgery | |
| 245 | 0 | |c Haruhiko Kikuchi, Akira Hakuba, Mitoki Baba | |
| 260 | |a Tokyo | ||
| 260 | |b Igaku Shoin | ||
| 260 | |c 1991 | ||
| 650 | |a Nervous system,Microsurgery | ||
| 650 | |x Surgery | ||
| 904 | |i Nguyên | ||
| 980 | |a Trung tâm Học liệu Trường Đại học Cần Thơ | ||